Super Mario - All Bowsers - Statistics

General Stats
  • This quiz has been taken 28 times
    3 since last reset
  • The average score is 6 of 57
Answer Stats
Answer % Correct
Bowser
100%
Fury Bowser
100%
Baby Bowser
50%
Castle Bowser
50%
Dark Bowser
50%
Dreamy Bowser
50%
Dry Bowser
50%
Giga Bowser
50%
MegaDragonBowser
50%
Wonder Bowser
50%
Amiibo Bowser
0%
Amiibo Wedding Bowser
0%
Big Bowser
0%
Black Paint Bowser
0%
Blockhead Bowser
0%
Bowcien
0%
Bowletta
0%
Bowser's Brother
0%
Bowsette
0%
Dark Hammer Slam Bowser
0%
Dr Bowser
0%
Dr Dry Bowser
0%
Fake Bowser
0%
Folded Paper Bowser
0%
Giant Baby Bowser
0%
Giant Bowser
0%
Giant Crowned Baby Bowser
0%
Giant Dry Bowser
0%
Giant Wool Baby Bowser
0%
Gold Dry Bowser
0%
Hammer Slam Bowser
0%
Hipster Bowser
0%
King Koopa
0%
Koopa Bros' Bowser
0%
Lego Bowser
0%
Lego Dry Bowser
0%
Mariowser
0%
Mecha Bowser
0%
Meowser
0%
Metal Bowser
0%
Mini Bowser
0%
Molten Bowser
0%
Origami Bowser
0%
Paper Bowser
0%
Plush Bowser
0%
Plush Dry Bowser
0%
Rookie
0%
Santa Bowser
0%
Shiny Cardboard Bowser
0%
Shiny Paper Bowser
0%
Shiny RoboBowser
0%
Shrowser
0%
Small Bowser
0%
Tail Bowser
0%
Wedding Bowser
0%
White Fury Bowser
0%
Wool Baby Bowser
0%
No matching quizzes found
Score Distribution
Percent of People with Each Score
Percentile by Number Answered
Your Score History
You have not taken this quiz since the last reset